Passive and active filters (Record no. 194643)
[ view plain ]
| 000 -LEADER | |
|---|---|
| fixed length control field | 00893 a2200181 4500 |
| 003 - CONTROL NUMBER IDENTIFIER | |
| control field | Nust |
| 005 - DATE AND TIME OF LATEST TRANSACTION | |
| control field | 20170207154159.0 |
| 020 ## - INTERNATIONAL STANDARD BOOK NUMBER | |
| International Standard Book Number | 0471843180 |
| 040 ## - CATALOGING SOURCE | |
| Transcribing agency | Nust |
| 082 ## - DEWEY DECIMAL CLASSIFICATION NUMBER | |
| Classification number | 621.3815 |
| 100 ## - MAIN ENTRY--PERSONAL NAME | |
| Personal name | Chen, Wai-Kai |
| 245 ## - TITLE STATEMENT | |
| Title | Passive and active filters |
| Statement of responsibility, etc. | Wai-Kai Chen |
| 260 ## - PUBLICATION, DISTRIBUTION, ETC. | |
| Place of publication, distribution, etc. | New York |
| Name of publisher, distributor, etc. | Wiley, |
| Date of publication, distribution, etc. | 1986 |
| 300 ## - PHYSICAL DESCRIPTION | |
| Extent | 504 p. |
| 505 ## - FORMATTED CONTENTS NOTE | |
| Formatted contents note | Fundamentals of Network Synthesis (Page-1) Filter Approximation and Frequency Transformations (Page-50) Passive Filter Synthesis (Page-106) Design of Resistively Terminated Networks (Page-150) Active Filter Synthesis Fundamentals (Page-194) Sensitivity (Page-240) The Active Biquad (Page-274) Realization of Active Two-Port Networks (Page-321) Design of Broadband Matching Networks (Page-385) Theory of Passive Cascade Synthesis (Page-433) General Theory of Compatible Impedances (Page-471) |
| 538 ## - SYSTEM DETAILS NOTE | |
| System details note | Almirah No. 130 Shelf No.3 |
| 650 ## - SUBJECT ADDED ENTRY--TOPICAL TERM | |
| Topical term or geographic name entry element | Filters |
| 942 ## - ADDED ENTRY ELEMENTS (KOHA) | |
| Source of classification or shelving scheme | |
| Koha item type | Book |
| Withdrawn status | Lost status | Source of classification or shelving scheme | Damaged status | Not for loan | Collection code | Permanent Location | Current Location | Date acquired | Total Checkouts | Full call number | Barcode | Date last seen | Price effective from | Koha item type |
|---|---|---|---|---|---|---|---|---|---|---|---|---|---|---|
| Military College of Signals (MCS) | Military College of Signals (MCS) | 12/12/2016 | 621.3815 KAI | MCS11123 | 12/08/2016 | 12/12/2016 | Book |
